[Event "Norway sim"]
[Site "chess.com INT"]
[Date "2014.12.14"]
[Round "1"]
[White "Carlsen, Magnus"]
[Black "Rajarishi, Karthi"]
[Result "1-0"]
[WhiteElo "2862"]
[BlackElo "1960"]
[PlyCount "99"]
[EventDate "2014.12.14"]
[EventType "simul (rapid)"]
[EventRounds "1"]
[EventCountry "USA"]
[SourceTitle "CBM 163 Extra"]
[Source "ChessBase"]
[SourceDate "2014.12.23"]

1. b3 d5 2. Bb2 c5 3. e3 Nc6 4. Bb5 Nf6 5. Nf3 e6 6. Bxc6+ bxc6 7. O-O Bd6 8.
d3 O-O 9. Ne5 Qc7 10. f4 Nd7 11. Qh5 f6 12. Ng4 f5 13. Qg5 Nb6 14. Nf6+ Kh8 15.
Nh5 e5 16. Nd2 d4 17. Nf3 e4 18. Nh4 Rf7 19. exd4 Be7 20. Qg3 Qd8 21. dxc5 Bxh4
22. Bxg7+ Kg8 23. Bf6+ Bxg3 24. Bxd8 Nd7 25. Nxg3 exd3 26. c4 Nxc5 27. Ba5 Be6
28. Rad1 Rd7 29. Rfe1 Kf7 30. Re5 Nb7 31. Bc3 Re8 32. Nxf5 Bxf5 33. Rxf5+ Kg8
34. Re5 Rxe5 35. Bxe5 Nc5 36. Kf2 Na6 37. a3 Nc5 38. Ke3 Nxb3 39. Rxd3 Rxd3+
40. Kxd3 Kf7 41. f5 Nc5+ 42. Kd4 Na4 43. g4 Nb2 44. g5 Nd1 45. h4 Nf2 46. h5
c5+ 47. Kd5 Ng4 48. g6+ hxg6 49. fxg6+ Ke7 50. Bg7 1-0

[Event "Norway sim"]
[Site "chess.com INT"]
[Date "2014.12.14"]
[Round "1"]
[White "Carlsen, Magnus"]
[Black "Drozdowski, Kacper"]
[Result "1-0"]
[WhiteElo "2862"]
[BlackElo "2472"]
[PlyCount "119"]
[EventDate "2014.12.14"]
[EventType "simul (rapid)"]
[EventRounds "1"]
[EventCountry "USA"]
[SourceTitle "CBM 163 Extra"]
[Source "ChessBase"]
[SourceDate "2014.12.23"]

1. c4 Nf6 2. d4 c5 3. d5 a6 4. Nc3 b5 5. Nf3 d6 6. e4 b4 7. Na4 Nxe4 8. Bd3 Nf6
9. Bg5 g6 10. a3 a5 11. O-O Bg7 12. Qd2 O-O 13. Bh6 Bg4 14. Bxg7 Kxg7 15. Ng5
Bd7 16. Bc2 h6 17. Nf3 Ra7 18. Rfe1 Qe8 19. Nb6 Bg4 20. axb4 Bxf3 21. bxc5 Bg4
22. h3 dxc5 23. hxg4 Qd8 24. Na4 Qd6 25. Nc3 Nxg4 26. g3 Qf6 27. Nb5 Ra6 28.
Bd1 h5 29. Ra3 e5 30. Nc3 Nd7 31. Ne4 Qd8 32. d6 Ngf6 33. Nc3 Nb8 34. Nb5 Nc6
35. Bf3 Nd4 36. Rxe5 Nxb5 37. cxb5 Rxd6 38. Qc3 Re8 39. Rxe8 Qxe8 40. Rxa5 Qc8
41. Ra7 Qf5 42. Ra3 Kh7 43. Ra6 Rd4 44. Rc6 Ne4 45. Qe3 Ng5 46. Bg2 h4 47. gxh4
Qb1+ 48. Kh2 Ne6 49. Qg3 Qxb2 50. b6 Qb4 51. b7 Qxb7 52. Rxe6 Qb4 53. Re7 Rxh4+
54. Bh3 Rf4 55. Be6 Kg7 56. Qe3 Rf6 57. Bh3 Qh4 58. Kg1 Rxf2 59. Re4 Re2 60.
Qc3+ 1-0

[Event "Norway sim"]
[Site "chess.com INT"]
[Date "2014.12.14"]
[Round "1"]
[White "Carlsen, Magnus"]
[Black "Osinovsky, Stepan"]
[Result "0-1"]
[WhiteElo "2862"]
[BlackElo "2241"]
[PlyCount "82"]
[EventDate "2014.12.14"]
[EventType "simul (rapid)"]
[EventRounds "1"]
[EventCountry "USA"]
[SourceTitle "CBM 163 Extra"]
[Source "ChessBase"]
[SourceDate "2014.12.23"]

1. d4 Nf6 2. Bg5 c5 3. d5 Ne4 4. Bc1 e6 5. c4 b5 6. cxb5 Qa5+ 7. Nd2 exd5 8. e3
a6 9. bxa6 Nxa6 10. Ngf3 Be7 11. Be2 O-O 12. O-O Bb7 13. Ne5 Qc7 14. Nxe4 Qxe5
15. Ng3 g6 16. Bd2 Bf6 17. Bf3 Bc6 18. Bc3 d4 19. exd4 cxd4 20. Re1 dxc3 21.
Rxe5 cxb2 22. Rb1 Bxe5 23. Bxc6 dxc6 24. Ne4 Nb4 25. f4 Rfd8 26. Qb3 Bd4+ 27.
Kf1 Rab8 28. Rxb2 Na6 29. Qc4 Rxb2 30. Qxa6 Bg7 31. Ke1 h6 32. a4 Kh7 33. Qxc6
Rdb8 34. Nf6+ Kh8 35. Nd7 R8b3 36. Qa8+ Kh7 37. Qd5 Ra3 38. Qd1 Rxg2 39. Kf1
Rxh2 40. Kg1 Raa2 41. Qd5 Rhd2 0-1

[Event "Norway sim"]
[Site "chess.com INT"]
[Date "2014.12.14"]
[Round "1"]
[White "Carlsen, Magnus"]
[Black "Xu, Grant"]
[Result "1-0"]
[WhiteElo "2862"]
[BlackElo "2126"]
[PlyCount "135"]
[EventDate "2014.12.14"]
[EventType "simul (rapid)"]
[EventRounds "1"]
[EventCountry "USA"]
[SourceTitle "CBM 163 Extra"]
[Source "ChessBase"]
[SourceDate "2014.12.23"]

1. d4 Nf6 2. c4 e6 3. Nf3 b6 4. Nc3 Bb7 5. Bg5 Bb4 6. Nd2 h6 7. Bh4 O-O 8. e4
Bxc3 9. bxc3 g5 10. Bg3 Nxe4 11. Nxe4 Bxe4 12. h4 d6 13. hxg5 Qxg5 14. Rh5 Qg6
15. Rh4 Bf5 16. Bf4 e5 17. Rxh6 Qg4 18. Qxg4+ Bxg4 19. Bg5 Nd7 20. Bd3 Rfe8 21.
Kd2 e4 22. Bc2 Bf5 23. Rah1 Kg7 24. Ba4 f6 25. Bxd7 Bxd7 26. Bxf6+ Kf7 27. Rh7+
Kxf6 28. Rxd7 Rg8 29. Rh6+ Kf5 30. Rf7+ Kg5 31. Re6 Kh5 32. Rh7+ Kg5 33. Rxc7
Rgc8 34. Rxc8 Rxc8 35. Rxd6 Rxc4 36. Rd7 Ra4 37. Ke3 Rxa2 38. Kxe4 Rxf2 39.
Rxa7 Rc2 40. Kd3 Rb2 41. Rb7 b5 42. d5 Kf5 43. Kd4 Rd2+ 44. Kc5 Rd3 45. Rf7+
Ke4 46. Re7+ Kf5 47. d6 Kf6 48. Re1 Kf7 49. Kc6 Rxc3+ 50. Kxb5 Rd3 51. Kc6 Rc3+
52. Kb7 Rc2 53. d7 Rb2+ 54. Kc7 Rc2+ 55. Kd8 Rxg2 56. Rc1 Ra2 57. Rf1+ Kg7 58.
Rf4 Re2 59. Kc7 Rc2+ 60. Kd6 Rd2+ 61. Ke6 Kg6 62. Rf8 Re2+ 63. Kd6 Rd2+ 64. Kc6
Rc2+ 65. Kb5 Rb2+ 66. Kc4 Rc2+ 67. Kb3 Rd2 68. d8=Q 1-0

[Event "Norway sim"]
[Site "chess.com INT"]
[Date "2014.12.14"]
[Round "1"]
[White "Carlsen, Magnus"]
[Black "Solsky, Itzhak"]
[Result "1-0"]
[WhiteElo "2862"]
[BlackElo "1942"]
[PlyCount "57"]
[EventDate "2014.12.14"]
[EventType "simul (rapid)"]
[EventRounds "1"]
[EventCountry "USA"]
[SourceTitle "CBM 163 Extra"]
[Source "ChessBase"]
[SourceDate "2014.12.23"]

1. d4 Nf6 2. c4 e6 3. Nc3 Bb4 4. e3 c5 5. Nge2 d5 6. a3 Bxc3+ 7. Nxc3 Nc6 8.
dxc5 a5 9. cxd5 exd5 10. Bb5 O-O 11. O-O Bg4 12. f3 Be6 13. Na4 Qe7 14. Bd2
Rfd8 15. Bc3 d4 16. exd4 Nd5 17. Qd2 Qf6 18. Rfe1 Nf4 19. Bxc6 bxc6 20. Nb6
Rab8 21. Re4 g5 22. d5 Qg6 23. Qd4 f5 24. Rxf4 gxf4 25. Qh8+ Kf7 26. dxe6+ Ke7
27. Qe5 Rb7 28. Re1 Rd3 29. Nc8+ 1-0

[Event "Norway sim"]
[Site "chess.com INT"]
[Date "2014.12.14"]
[Round "1"]
[White "Carlsen, Magnus"]
[Black "Tang, Andrew"]
[Result "1-0"]
[WhiteElo "2862"]
[BlackElo "2316"]
[PlyCount "91"]
[EventDate "2014.12.14"]
[EventType "simul (rapid)"]
[EventRounds "1"]
[EventCountry "USA"]
[SourceTitle "CBM 163 Extra"]
[Source "ChessBase"]
[SourceDate "2014.12.23"]

1. Nf3 d5 2. c4 e6 3. d4 Nf6 4. Nc3 Be7 5. Bf4 O-O 6. e3 Nbd7 7. c5 Ne4 8. Rc1
f5 9. h3 c6 10. b4 Bf6 11. Bd3 a5 12. a3 axb4 13. axb4 b5 14. O-O Re8 15. Ne2
Bb7 16. Ra1 Qe7 17. Ne5 Rxa1 18. Qxa1 Nd2 19. Rd1 Ra8 20. Qxa8+ Bxa8 21. Rxd2
Bb7 22. Ra2 Qd8 23. Ra7 Nxe5 24. dxe5 Qb8 25. Rxb7 Qxb7 26. exf6 gxf6 27. Bd6
Qa6 28. Nd4 Kf7 29. Be2 Qc8 30. Bh5+ Kg7 31. f4 Qd7 32. Kh2 Kh6 33. g4 fxg4 34.
hxg4 Kg7 35. g5 f5 36. Kg3 Kg8 37. Be5 Qc8 38. g6 hxg6 39. Bxg6 Qa6 40. Kh4 Qa1
41. Kg5 Qa7 42. Nxc6 Qd7 43. Nd4 Qe7+ 44. Bf6 Qf8 45. Nxe6 Qh6+ 46. Kxh6 1-0

[Event "Norway sim"]
[Site "chess.com INT"]
[Date "2014.12.14"]
[Round "1"]
[White "Carlsen, Magnus"]
[Black "Manfay, Mate"]
[Result "1-0"]
[WhiteElo "2862"]
[BlackElo "2214"]
[PlyCount "69"]
[EventDate "2014.12.14"]
[EventType "simul (rapid)"]
[EventRounds "1"]
[EventCountry "USA"]
[SourceTitle "CBM 163 Extra"]
[Source "ChessBase"]
[SourceDate "2014.12.23"]

1. d4 e6 2. e4 d5 3. Nd2 Nc6 4. Ngf3 Nf6 5. e5 Nd7 6. Bd3 f6 7. exf6 Qxf6 8.
O-O Bd6 9. Nb3 O-O 10. c4 Bf4 11. Re1 e5 12. cxd5 Nxd4 13. Nbxd4 exd4 14. Bxf4
Qxf4 15. Re4 Qf6 16. Rc1 Nb6 17. Rxc7 Bf5 18. Ree7 Bxd3 19. Qxd3 Rac8 20. Rxg7+
Qxg7 21. Rxg7+ Kxg7 22. Qxd4+ Kg8 23. h4 Rc1+ 24. Kh2 Rc7 25. Ne5 Rg7 26. d6
Nd7 27. f4 a6 28. g4 Re8 29. g5 h6 30. Qd5+ Kh7 31. g6+ Kh8 32. Nf7+ Kg8 33.
Nxh6+ Kh8 34. Nf7+ Kg8 35. Qh5 1-0

[Event "Sinquefield Cup 2nd"]
[Site "Saint Louis"]
[Date "2014.09.06"]
[Round "10"]
[White "Topalov, Veselin"]
[Black "Carlsen, Magnus"]
[Result "1/2-1/2"]
[WhiteElo "2772"]
[BlackElo "2877"]
[PlyCount "38"]
[EventDate "2014.08.27"]
[EventType "tourn"]
[EventRounds "10"]
[EventCountry "USA"]
[EventCategory "23"]
[SourceTitle "CBM 162"]
[Source "ChessBase"]
[SourceDate "2014.09.17"]

1. e4 e5 2. Nf3 Nc6 3. Bb5 Nf6 4. O-O Nxe4 5. d4 Nd6 6. Bxc6 dxc6 7. dxe5 Nf5
8. Qxd8+ Kxd8 9. h3 Ke8 10. Nc3 b6 11. Bf4 Bb4 12. Ne4 Ba6 13. Rfc1 Be2 14.
Nfd2 Bxd2 15. Nxd2 Nd4 16. Be3 Nf5 17. Bf4 Nd4 18. Be3 Nf5 19. Bf4 Nd4 1/2-1/2

[Event "Sinquefield Cup 2nd"]
[Site "Saint Louis"]
[Date "2014.09.04"]
[Round "8"]
[White "Caruana, Fabiano"]
[Black "Carlsen, Magnus"]
[Result "1/2-1/2"]
[WhiteElo "2801"]
[BlackElo "2877"]
[Annotator "Roiz,M"]
[PlyCount "83"]
[EventDate "2014.08.27"]
[EventType "tourn"]
[EventRounds "10"]
[EventCountry "USA"]
[EventCategory "23"]
[SourceTitle "CBM 162"]
[Source "ChessBase"]
[SourceDate "2014.09.17"]

1. e4 c5 2. Nf3 Nc6 3. d4 cxd4 4. Nxd4 g6 5. c4 Nf6 6. Nc3 d6 7. f3 Nxd4 8.
Qxd4 Bg7 9. Be3 O-O 10. Qd2 a5 ({The most popular continuations here are} 10...
Be6) ({and} 10... Qa5 {but the text move is also well known.}) 11. b3 {
Restricting Black's activity on the queenside.} ({Another way to handle the
position was shown by 13th World Champion:} 11. Be2 a4 12. O-O Qa5 13. Rac1 Bd7
(13... Be6 $5) 14. c5 Bc6 15. cxd6 Rfd8 16. Nb1 Qxd2 17. Nxd2 exd6 18. Nc4 d5
19. Nb6 Ra5 20. e5 Nd7 21. f4 $14 {1/2-1/2 Kasparov,G (2825)-Alterman,B (2615)/
Tel Aviv 1998/CBM 065/(Tsesarsky) (25)}) 11... a4 $6 {This move is quite risky
from a strategic point of view: the a-pawn may become a target, while Black
has a couple of weak squares on the queenside.} ({In the following recent game
Black had a solid, but rather passive position:} 11... Bd7 12. Be2 Bc6 13. O-O
Nd7 14. Rfd1 Nc5 15. Rac1 Qb6 16. Nd5 Bxd5 17. cxd5 Qb4 18. Rc2 Qxd2 19. Bxd2
$14 {1-0 Khismatullin,D (2671)-Vorobiov,E (2587)/Vladivostok RUS 2014}) ({
The most reasonable setup is connected with:} 11... Be6 12. Rb1 (12. Be2 $5 Nd7
13. O-O Nc5 14. Rac1) 12... Nd7 13. Be2 Nc5 14. O-O Qb6 15. Rfc1 Rfc8 16. Kh1 (
16. Nd5 $5 {deserves a serious attention, but after} Bxd5 17. cxd5 Qb4 {
Black is a tempo up compared to Khismatullin-Vorobiov,2014.}) 16... Qb4 17. Bg5
a4 18. Bxe7 axb3 19. axb3 Nxb3 $11 {1/2-1/2 Van Wely,L (2691)-Iturrizaga,E 
(2627)/Istanbul TUR 2012 (122)}) 12. b4 Be6 13. Rc1 Nd7 14. Be2 {Fabiano is
not in a hurry.} ({Black's position also looks unpleasant after} 14. Nd5 f5 (
14... a3 15. Nf4 Rc8 16. Be2 $14) 15. exf5 Bxf5 16. Be2 $14) 14... Nb6 15. Nb5
$5 $146 {This ambitious continuation is a novelty. Having a serious space
advantage, White wants to keep as many pieces as it possible.} ({In the
preceding game Black was able to defend an inferior position after:} 15. Nd5
Nxd5 16. exd5 Bd7 17. a3 (17. O-O a3 18. c5 dxc5 19. bxc5 $14) 17... e6 18.
dxe6 Bxe6 19. O-O d5 20. c5 d4 21. Bf2 Qd7 22. Bd3 $14 {1/2-1/2 Felgaer,R 
(2586)-Cuenca Jimenez,J (2477)/La Massana AND 2013}) 15... a3 {Desperately
looking for any kind of counterplay.} ({After} 15... Rc8 16. Na3 f5 17. exf5
gxf5 18. O-O $16 {Black's position lacks any active ideas.}) 16. Nd4 Bd7 17. h4
$1 {Once again, Caruana chooses the most ambitious way to handle the position.}
(17. O-O Na4 18. f4 Qc7 19. Kh1 $14 {was a quiet alternative. White maintains
a stable advantage.}) 17... h5 (17... e6 18. h5 Qe7 19. Nb3 $16 {followed by
20.c5 is extremely unpleasant.}) 18. g4 $1 {Now Black is under a direct attack.
} hxg4 19. fxg4 ({Correcty deviating from} 19. h5 e5 20. Nb3 gxf3 21. Bxf3 Be6
22. Qh2 Nd7 $132) 19... e5 {This is an obvious positional concession, but
Magnus had no choice.} (19... Be5 20. h5 Na4 21. Nf3 $40) 20. Nb3 (20. Nb5 $5 {
also deserved serious attention:} Bxb5 21. cxb5 d5 22. h5 d4 23. Bh6 $36) 20...
Bc6 21. Bf3 f5 {Now Black's king is exposed, but Black cannot sit and wait
anymore.} 22. gxf5 (22. Na5 $5 Rxa5 (22... f4 23. Bf2 Qc7 24. h5 $16) 23. bxa5
Na4 24. gxf5 gxf5 25. Bg5 $16) 22... gxf5 23. Na5 {Keeping an eye on the
light-squared bishop.} f4 (23... Rxa5 24. bxa5 Na4 25. Bg5 {leads to a
position from the previous note. Black has some practical chances, but
objectively there is no compensation for an exchange.}) 24. Bf2 $16 {White's
monarch feels quite safe now, while Black has numerous weaknesses.} Na4 25.
Nxc6 (25. Rg1 Kh8 26. Ke2 Bf6 27. h5 $16) 25... bxc6 26. O-O {Caruana doesn't
mind spending some time on removing his king from the centre.} ({Also good
enough was} 26. h5 Bf6 27. Rg1+ Kh8 28. Ke2 $16) 26... c5 {In such a difficult
situation, Magnus is trying to fix the pawn structure in order to set up some
kind of blockade.} (26... Bf6 27. Kh1 Kh8 (27... Bxh4 $2 28. Rg1+ Kh8 29. Rg2
$18) 28. Rg1 Qe7 29. Rg2 Rf7 (29... Rg8 30. Bg4 Rg7 31. Rcg1 Rag8 32. Qe2 $16)
30. Bg4 Rh7 31. Bf5 Rh6 32. b5 Bxh4 33. Rh2 $16) (26... Rf6 27. Kh1 Rh6 28. Rg1
Kh8 29. Rg2 Bf6 30. h5 $16) 27. b5 Bf6 28. Kh1 Nb6 $2 {This could be a
decisive mistake.} ({A better move was} 28... Ra7 $142 29. Rg1+ Kh8 30. h5 Nb6
31. Rg6 Rg8 32. Bg4 Rag7 33. Bf5 $16) ({The pawn was untouchable:} 28... Bxh4
29. Rg1+ Kh8 30. Rg2 {with a decisive attack.}) 29. Rcd1 $2 {Wrong rook!} ({
Fabiano misses a clear win:} 29. Rfd1 $1 Be7 30. Bxc5 Kh8 31. Bf2 Bxh4 $140 32.
Bxb6 Qxb6 33. Qxd6 $18 {and the 2 strong passed pawns will decide the game.})
29... Kh8 $1 30. Qxd6 $6 {Underestimating Black's defensive resources in the
resulting endgame.} ({After} 30. Bg4 Bxh4 31. Qxd6 Qxd6 32. Rxd6 Bxf2 33. Rxb6
Be3 $14 {Black gets excellent drawish chances.}) ({It was still possible to
pose serious problems by means of} 30. Be2 $1 Be7 31. Rg1 Rf6 32. Qd3 Qd7 33.
Qf3 $36) 30... Qxd6 31. Rxd6 Nxc4 {[%cal Gc4e3] The knight is heading to e3,
forcing White to exchange the dark-squared bishop.} 32. Rd5 (32. Rd7 {also
achieves nothing special:} Rad8 33. Bxc5 (33. Rfd1 Ne3 34. Bxe3 fxe3 35. Be2 c4
36. Rxd8 (36. Bxc4 Rc8 37. Bd3 Bxh4 $11) 36... Rxd8 37. Rxd8+ Bxd8 38. Bxc4
Bxh4 39. b6 Bd8 40. b7 Bc7 $11) 33... Rxd7 34. Bxf8 Rd2 35. Rc1 Ne3 36. b6 Rxa2
37. Bxa3 Rxa3 38. b7 Rb3 39. Rc8+ Kg7 40. b8=Q Rxb8 41. Rxb8 Bxh4 $11) 32...
Ne3 33. Bxe3 fxe3 34. Be2 Bxh4 {Magnus should be happy with his position at
this moment.} 35. Rf5 ({After} 35. Rxf8+ Rxf8 36. Rd3 {the easiest way is} c4
$1 37. Rxe3 Rc8 38. Rc3 (38. Rxa3 c3 39. Bd3 Bf2 40. Bc2 Bd4 41. Rb3 Rf8 $11)
38... Be1 39. Rxc4 Rxc4 40. Bxc4 Ba5 $11) 35... Rxf5 36. exf5 Rd8 $11 {
Liquidating into a drawish bishop endgame.} 37. Rxd8+ (37. Rxe5 Rd2 38. Rxe3
Rxa2 $11) 37... Bxd8 38. Kg2 Kg7 39. Kf3 Kf6 40. Ke4 c4 41. Bxc4 Bb6 42. Bd3 ({
A draw was agreed in view of} 42. Bd3 Bd4 43. Kd5 Ba7 44. Kc6 e4 45. Be2 Kxf5
46. b6 Bxb6 47. Kxb6 Kf4 48. Kc5 Kg3 $11) 1/2-1/2